Vývoj analytickej metódy na stanovenie pesticídov s využitím mikroextrakcie so sorbentom naplneným v striekačke

Salvato in:
Dettagli Bibliografici
Autore principale: Deszatová, Tímea (Autore)
Altri autori: Hrouzková, Svetlana, 1969- (Relatore della tesi)
Natura: Manoscritto Libro
Lingua:slovacco
Pubblicazione: 2015
Soggetti:
Accesso online:http://is.stuba.sk/zp/portal_zp.pl?podrobnosti=113143
Tags: Aggiungi Tag
Nessun Tag, puoi essere il primo ad aggiungerne!!

MARC

LEADER 00000ntm a22000003a 4500
001 stuzp53040
003 SK-STU
005 20160719154347.0
007 ta
008 150427s2015----xo-----f-mn---000-0-slo-d
040 |a STU  |b slo 
041 0 |a slo 
100 1 |a Deszatová, Tímea  |u 041180  |4 aut  |U FCHPT Ústav analytickej chémie  |T FCHPT Oddelenie analytickej chémie  |X 68519  |U C1180  |Y 108  |7 68519 
242 0 1 |a Development of an analytical method for the determination of pesticides using microextraction by packed sorbent  |y eng 
245 1 0 |a Vývoj analytickej metódy na stanovenie pesticídov s využitím mikroextrakcie so sorbentom naplneným v striekačke 
260 |c 2015 
650 4 |a rezíduá pesticídov  |2 slo 
650 4 |a mikroextrakcia so sorbentom naplneným v striekačke  |2 slo 
650 4 |a extrakčné parametre  |2 slo 
650 4 |a GC-MS  |2 slo 
650 4 |a microextraction by packed sorbent  |2 eng 
650 4 |a pesticides residues  |2 eng 
650 4 |a extraction parameters  |2 eng 
650 4 |a GC-MS  |2 eng 
700 1 |a Hrouzková, Svetlana,  |d 1969-  |4 ths  |X 3892  |7 A000003892 
856 4 |u http://is.stuba.sk/zp/portal_zp.pl?podrobnosti=113143 
SQL |a stuzp53040  |b DDP  |c SLO  |d Vývoj analytickej metódy na stanovenie pesticídov s využitím mikroextrakcie so sorbentom naplneným v striekačke  |e 68519  |f Deszatová, Tímea  |g 041180  |h 3892  |i Hrouzková, Svetlana  |j 20150608  |k 127  |l 04  |m http://is.stuba.sk/zp/portal_zp.pl?podrobnosti=113143  |n I-oTCHEM  |o 4.1.14. chémia, 5.2.18. chemické technológie